| 000 | 00532nam a2200217Ia 4500 | ||
|---|---|---|---|
| 005 | 20140405102903.0 | ||
| 008 | 140130s9999 xx 000 0 und d | ||
| 020 | _a0439231235 | ||
| 050 |
_aQE 714.5 _b.R55 2002 |
||
| 100 |
_aRing, Susan _930987 |
||
| 245 |
_cRing, Susan _aAnimals of long ago / |
||
| 260 |
_bScholastic, _c2002. _aU.S.A : |
||
| 300 |
_a16 p. : _bcol. ill. ; _c25 cm. |
||
| 440 |
_v1 _930988 |
||
| 521 | _aG2 | ||
| 526 | _c330 | ||
| 942 |
_cBK _2lcc |
||
| 999 |
_c40153 _d40153 |
||